000 00336nam a2200145Ia 4500
100 _aMary campbell
942 _cBK
654 _a1-2-3 Release 3
245 _a1-2-3 Release 3 the complete reference
260 _bOsborne Mc graw Hill
_aNew Delhi
_c1991
082 _a1.642
_bCAM
300 _a1072
546 _aENGLISH
999 _c19125
_d19125